Beyoncé Filmography - Statistics

General Stats
  • This quiz has been taken 57 times
    6 since last reset
  • The average score is 13 of 172
Answer Stats
Type Year Name % Correct
Film 2024 Mufasa: The Lion King
80%
Commercial 2002-2014 Pepsi
80%
Film 2019 The Lion King
80%
Film 2020 Black Is King
60%
Commercial 2010 C&A
60%
Film 2009 Obsessed
60%
Documentary 2023 Renaissance: A Film by Beyoncé
60%
TV Show 2009 Wow! Wow! Wubbzy!
60%
Film 2002 Austin Powers in Goldmember
40%
Concert Film 2004 Beyoncé: Live at Wembley
40%
Concert Film 2010 Beyoncé's I Am... World Tour
40%
Film 2008 Cadillac Records
40%
TV Film 2001 Carmen: A Hip Hopera
40%
Film 2013 Epic
40%
Commercial 2005 McDonald's
40%
Film 2003 The Fighting Temptations
40%
Commercial 2024 Verizon
40%
Commercial 2021 Adidas
20%
TV Show 2005 All of Us
20%
TV Show 2011 American Idol
20%
Film 1999 Beverly Hood
20%
Web Special 2024 Beyoncé Bowl
20%
TV Documentary 2013 Beyoncé: Life Is But a Dream
20%
TV Documentary 2011 Beyoncé: Year of Four
20%
Concert Film 2006 Destiny's Child: Live in Atlanta
20%
Commercial 2007 Emporio Armani
20%
Commercial 2013 Gucci
20%
Concert Film 2019 Homecoming: A Film by Beyoncé
20%
Concert Film 2009 I Am... Yours: An Intimate Performance at Wynn Las Vegas
20%
Commercial 2024 Levi's
20%
TV Show 2003 MADtv
20%
TV Documentary 2004 Michael Jackson: The One
20%
TV Show 2001, 2002, 2003, 2004, 2008 Saturday Night Live
20%
TV Special 2013 Super Bowl XLVII Halftime Show
20%
Concert Film 2007 The Beyoncé Experience: Live
20%
TV Show 2000 The Famous Jett Jackson
20%
Film 2006 The Pink Panther
20%
TV Film 2009 Wow! Wow! Wubbzy!: Wubb Idol
20%
Documentary Series 2004 20/20
0%
Documentary Series 2010 60 Minutes
0%
Documentary Series 2007 60 Minutes Australia
0%
Concert Film 2009 Above and Beyoncé: Video Collection & Dance Mixes
0%
Commercial 2007, 2008 American Express
0%
TV Special 2004 An Evening of Stars: 25th Anniversary Tribute to Lou Rawls
0%
TV Special 2009 An Evening of Stars: Tribute to Patti LaBelle
0%
TV Special 2008 A Night for Vets: An MTV Concert for the Brave
0%
TV Special 2011 A Night with Beyoncé
0%
TV Show 2004, 2006 Ant & Dec's Saturday Night Takeaway
0%
TV Show 2006 AT&T Blue Room
0%
Concert Film 2007 B'Day Anthology Video Album
0%
Documentary Series 2018 Being Serena
0%
Concert Film 2006 BET Presents Beyoncé
0%
TV Special 2006 Beyoncé at the BBC
0%
Documentary 2019 Beyoncé: Beyond the Glam
0%
Documentary 2011 Beyoncé: Destined for Stardom
0%
Short TV Documentary 2007 Beyoncé en Español: La Evolución latina de Beyoncé
0%
TV Documentary 2014 Beyoncé: Fierce and Fabulous
0%
TV Documentary 2013 Beyoncé: Finding Her Destiny
0%
TV Special 2009 Beyoncé: For the Record
0%
Documentary 2009 Beyoncé: I Am... Sasha Fierce
0%
Documentary 2021 Beyoncé & Jay-Z: Power Love
0%
Documentary 2018 Beyoncé: On Top
0%
Documentary 2016 Beyoncé: Queen B
0%
Documentary 2010 Beyoncé: Shine - An Unauthorized Story on Beyoncé Knowles
0%
Concert Film 2006 Beyoncé: The Ultimate Performer
0%
TV Show 2005, 2007 B InTune TV
0%
Documentary Series 2004, 2007 Biography
0%
TV Show 2003 Bo' Selecta!
0%
TV Show 2010 Britain's Next Top Model
0%
Documentary 2007 Building the Dream
0%
Short Documentary 2024 Call Me Country: Beyoncé & Nashville's Renaissance
0%
TV Special 2006 Children in Need
0%
TV Special 2000, 2001, 2008 Christmas in Rockefeller Center
0%
Documentary 2018 Coldplay: A Head Full of Dreams
0%
TV Show 2002 Comedy Central Canned Ham
0%
Commercial 2009 Crystal Geyser
0%
Documentary 2006 Destiny's Child: A Family Affair
0%
TV Special 2001 Destiny's Child Live
0%
Documentary Series 2003, 2005 Diary
0%
Commercial 2007 DirecTV
0%
Documentary 2007 Don't Tell My Booker!!!
0%
TV Special 2007 Elvis: Viva Las Vegas
0%
Documentary Series 2001, 2004 E! True Hollywood Story
0%
Documentary 2004 Fade to Black
0%
TV Special 2003, 2004, 2006, 2008 Fashion Rocks
0%
Documentary Series 2006 Getaway
0%
Commercial 2010 Heat
0%
Commercial 2009 Helping Hand
0%
Commercial 2013 H&M
0%
TV Special 2010 Hope for Haiti Now: A Global Benefit for Earthquake Relief
0%
Documentary Mini-Series 2002 I Love the '80s
0%
TV Documentary 2012 Inside Stargate
0%
Documentary Series 2001 Intimate Portrait
0%
TV Special 2006 Jay Z: Live at the Royal Albert Hall
0%
TV Special 2003 Jingleball Rock
0%
TV Show 2011 Keeping Up with the Kardashians
0%
TV Special 2016 Lemonade
0%
TV Show 2016 Lip Sync Battle
0%
TV Special 2005 Live 8: A Worldwide Concert Event Presented by Nokia
0%
Concert Film 2011 Live at Roseland: Elements of 4
0%
Concert Film 2013 Live in Atlantic City
0%
TV Show 2001 Live & Kicking
0%
Commercial 2008-2012 L'Oréal
0%
TV Special 2011 Macy's 4th of July Fireworks Spectacular
0%
Documentary 2013 Mademoiselle C
0%
TV Documentary 2019 Making the Gift
0%
TV Special 2001 Michael Jackson: 30th Anniversary Celebration
0%
TV Special 2009 Michael Jackson NRJ 12 Tribute
0%
Documentary 2009 Moonwalking: The True Story of Michael Jackson - Uncensored
0%
TV Special 2002 Motown Christmas
0%
TV Special 2007 Movies Rock
0%
TV Special 2021 MTV 00s: Beyoncé: The Hits
0%
TV Special 2001 MTV Icon: Janet Jackson
0%
TV Special 2007 My Night at the Grammys
0%
TV Special 2001 Nobel Peace Prize Concert
0%
Commercial 2013 O2
0%
TV Special 2014 On the Run Tour: Beyoncé and Jay-Z
0%
Commercial 2016 Parkwood Entertainment
0%
TV Special 2001 Pop Goes Christmas
0%
TV Show 2003 Punk'd
0%
Documentary 2018 Quincy
0%
TV Special 2013 R&B Divas of All Time
0%
Commercial 2009 Rhythm Heaven
0%
TV Show 2009-2011 Robins
0%
Documentary 2005 Rockin' the Corps: An American Thank You
0%
Commercial 2007 Samsung
0%
TV Show 2001 Sen kväll med Luuk
0%
TV Show 2001 SmapxSmap
0%
TV Show 1998 Smart Guy
0%
Documentary Series 2005 Soul Deep: The Story of Black Popular Music
0%
Documentary Mini-Series 2022 Soul of a Nation
0%
Short Documentary 2022 Sounwave
0%
TV Special 2014 Sports Illustrated Swimsuit: 50 Years of Beautiful
0%
TV Special 2008 Stand Up to Cancer
0%
TV Show 2003, 2008 Star Academy
0%
TV Special 2015 Stevie Wonder Songs in the Key of Life - An All-Star Grammy Salute
0%
TV Show 2006, 2008 Strictly Come Dancing
0%
Commercial 2008 Studio Line
0%
Commercial 2010 Style Savvy
0%
Commercial 2011 Target
0%
TV Special 2021 The 2021 Rock & Roll Hall of Fame Induction Ceremony
0%
Documentary Series 2015 The BET Life of ...
0%
Documentary 2015 The Clip
0%
TV Special 2001 The Concert for New York City
0%
TV Special 2020 The Disney Family Singalong
0%
Documentary 2016 The First Monday in May
0%
TV Special 2005, 2008 The Kennedy Center Honors: A Celebration of the Performing Arts
0%
TV Special 2009 The Neighborhood Ball: An Inaugural Celebration
0%
TV Special 2013 The Sound of Change Live
0%
TV Documentary 2006 The Story of Beyoncé
0%
TV Special 2002 The Victoria's Secret Fashion Show
0%
TV Show 2004 The Wayne Brady Show
0%
TV Show 2011 The X Factor
0%
TV Show 2008, 2013 The X Factor UK
0%
TV Show 1998-2006 Top of the Pops
0%
TV Show 2005 Top of the Pops Saturday
0%
TV Show 2001 Total Access 24/7
0%
TV Special 2008 Total Finale Live
0%
TV Show 2006, 2008 Total Request Live
0%
Commercial 2014 Toyota
0%
TV Show 2007 TRL Italy
0%
Commercial 2003 True Star
0%
TV Documentary 2004 Urban Soul: The Making of Modern R&B
0%
TV Special 2000 VH1 Divas 2000: A Tribute to Diana Ross
0%
TV Special 2003 VH1 Divas Duets
0%
Concert Film 2006 | 2007 Video Triple Play
0%
Commercial 2010 Vizio
0%
Commercial 2005 Walmart
0%
TV Special 2000 Walt Disney World Summer Jam Concert
0%
TV Show 2001, 2004, 2007 Wanna Bet?
0%
TV Special 2009 We Are the One: The Obama Inaugural Celebration at the Lincoln Memorial
0%
No matching quizzes found
Score Distribution
Percent of People with Each Score
Percentile by Number Answered
Your Score History
You have not taken this quiz since the last reset